Luật đấu thầu và văn bản hướng dẫn thi hành mới
Luật đấu thầu số 61/2005/QH11ngày 29-11-2005 của Quốc hội; Nghị định 58/2008NĐ-CP, 05-05-2008 hướng dẫn thi hành luật đấu thầu; QĐ 419/QĐ-BKH, 07-04-2008 ban hành mẫu báo cáo thẩm định kết quả đấu thầu.
Đã lưu trong:
| 格式: | 圖書 |
|---|---|
| 語言: | Undetermined |
| 出版: |
Hà Nội
Lao động - Xã hội
2008
|
| 主題: | |
| 標簽: |
添加標簽
沒有標簽, 成為第一個標記此記錄!
|
| Thư viện lưu trữ: | Trung tâm Học liệu Trường Đại học Cần Thơ |
|---|
| LEADER | 00907nam a2200193Ia 4500 | ||
|---|---|---|---|
| 001 | CTU_155776 | ||
| 008 | 210402s9999 xx 000 0 und d | ||
| 020 | |c 32000 | ||
| 082 | |a 346.597024 | ||
| 082 | |b L504 | ||
| 245 | 0 | |a Luật đấu thầu và văn bản hướng dẫn thi hành mới | |
| 245 | 0 | |c Quốc Cường (Sưu tầm và hệ thống hóa) | |
| 260 | |a Hà Nội | ||
| 260 | |b Lao động - Xã hội | ||
| 260 | |c 2008 | ||
| 520 | |a Luật đấu thầu số 61/2005/QH11ngày 29-11-2005 của Quốc hội; Nghị định 58/2008NĐ-CP, 05-05-2008 hướng dẫn thi hành luật đấu thầu; QĐ 419/QĐ-BKH, 07-04-2008 ban hành mẫu báo cáo thẩm định kết quả đấu thầu. | ||
| 650 | |a Procurement law,Contracts | ||
| 904 | |i Giang | ||
| 980 | |a Trung tâm Học liệu Trường Đại học Cần Thơ | ||